000 00489nam a2200169 i 4500
001 79102
003 ES-MaACL
005 20230906173912.0
007 t|
008 041019s1963 sp ||||1| spa d
100 1 _aHempstone, Smith.
_962500
245 1 3 _aLa nueva Africa /
_cSmith Hempstone ; traducción de Eduardo Gallardo Ruiz.
260 _aMadrid :
_bCid,
_c1963.
300 _a420 p. ;
_c23 cm.
700 1 _aGallardo Ruiz, Eduardo.
_953499
852 _aES-MaACL
_jC-25380
_bR.54256
999 _c79102
_d79102